XG's songs by lyrics (easy) - Statistics

General Stats
  • This quiz has been taken 32 times
  • The average score is 10 of 14
Answer Stats
Hint Answer % Correct
Are you gonna let him pay ? Mascara
92%
Gonna play 'em like they're toys Puppet Show
88%
Ta-ta-ta-ta, t-t-t-t-ta-ta Tippy Toes
83%
So don't get under my skin Woke Up
83%
Everything I do, I do it A1, flawless Shooting Star
79%
All the lit girls get down with the X, hey New Dance
71%
You call it cocky, I call it true TGIF
71%
If you're down with me, then let's ride, let's ride Left Right
67%
What you tryna hide ? Something Ain't Right
67%
Rollin' with queens, it's a female empire GRL GVNG
54%
Faster than the speed of light IYKYK
50%
That's why they call me undisputed Undefeated
50%
How am I supposed to go without you ? Winter Without You
50%
New chapter, next scene X-GENE
46%
No matching quizzes found
Score Distribution
Percent of People with Each Score
Percentile by Number Answered
Your Score History
You have not taken this quiz